| 000 -LEADER |
| fixed length control field |
00505nam a22001817a 4500 |
| 003 - CONTROL NUMBER IDENTIFIER |
| control field |
OSt |
| 005 - DATE AND TIME OF LATEST TRANSACTION |
| control field |
20260127123250.0 |
| 008 - FIXED-LENGTH DATA ELEMENTS--GENERAL INFORMATION |
| fixed length control field |
260127t1997 xxu||||| |||| 00| 0 eng d |
| 020 ## - INTERNATIONAL STANDARD BOOK NUMBER |
| International Standard Book Number |
0809231727 |
| 040 ## - CATALOGING SOURCE |
| Transcribing agency |
csu |
| 082 ## - DEWEY DECIMAL CLASSIFICATION NUMBER |
| Classification number |
150 |
| Item number |
K817 1997 |
| 100 ## - MAIN ENTRY--PERSONAL NAME |
| Personal name |
Koman,Aleta, |
| Relator term |
author. |
| 245 ## - TITLE STATEMENT |
| Title |
How to mend a broken heart : |
| Remainder of title |
letting go and moving on / |
| Statement of responsibility, etc |
Aleta Koman. |
| 260 ## - PUBLICATION, DISTRIBUTION, ETC. (IMPRINT) |
| Place of publication, distribution, etc |
U.S.A: |
| Name of publisher, distributor, etc |
Contemporary Publishing Company, |
| Date of publication, distribution, etc |
c1997. |
| 300 ## - PHYSICAL DESCRIPTION |
| Extent |
xv, 224 pages. |
| 650 ## - SUBJECT ADDED ENTRY--TOPICAL TERM |
| Topical term or geographic name as entry element |
Psychology. |
| 942 ## - ADDED ENTRY ELEMENTS (KOHA) |
| Source of classification or shelving scheme |
|
| Koha item type |
Books |